1319 1109 1623 1908 1870 1636 1215 1563 1352 1677 1444 1571 1242 1332 1431 1870 1112 1552 1882 1243 1927 1695 1062 1605 1973 1754 1267 1058 1278 1013 1876 1459 1863 1722 1470 1495 1844 1538 1447 1320 1425 1836 1397 1201 1284 1385 1098 1147 1855 1705 1835 1721 1389 1584 1402 1256 1978 1519 1986 1051 1936 1430 1280 1997 1447 1460 1901 1960 1440 1126 1448 1669 1474 1802 1908 1730 1289 1879 1737 1705 1576 1465 1346 1767 1968 1628 1275 1843 1484 1208 1497 1235 1097 1355 1989 1018 1224 1040 1907 BCNSPRNW ULIB Ver.6.0+V

เปลี่ยนเป็นภาษาไทย

Change to English
 แสดงรายละเอียดบรรณานุกรม
  กลับหน้าหลัก

Brief Record : Get Marc (ISO 2709) : E-mail record : QR code < ปิดหน้าต่าง
LEADER : 00000nam 2200000uu 4500
001    13399113141
003     ULIB
008    110928s2550||||th 000 0 tha d
020    9789744896766
050 04 QA76.75^bพ553ค 2550
100 0  พันจันทร์ ธนวัฒนเสถียร
245 10 คู่มือช่างคอมพ์ 2008 /^cพันจันทร์ ธนวัฒนเสถียร และอัมรินทร์ เพ็ชรกุล
260    กรุงเทพฯ :^bซัคเซส มีเดีย,^c2550
300    392 หน้า :^bภาพประกอบ +^eซีดีรอม
650  7 คอมพิวเตอร์
650  7 คอมพิวเตอร์^xการบำรุงรักษาและการซ่อมแซม
700 00 อัมรินทร์ เพ็ชรกุล,^eผู้แต่งร่วม
945    ^p199^l0^i022896
995    ทศพร
999 ^a ทศพร
รายการนี้ยังไม่มีแท็ก
คุณยังไม่ได้ล็อกอิน คุณสามารถมีกิจกรรมร่วมกับเว็บไซต์ได้ แต่ต้องล็อกอินก่อน ::
  ล็อกอิน

รายการสื่อสารสนเทศ

ลำดับที่ ประเภท เลขเรียก/บาร์โค้ด สถานที่ สถานะ
- ไม่พบข้อมูล -

รายการใกล้เคียง
    ผู้แต่ง [พันจันทร์ ธนวัฒนเสถียร]

    หัวเรื่อง [คอมพิวเตอร์]
    หัวเรื่อง [คอมพิวเตอร์ การบำรุงรักษาและการซ่อมแซม]

BibComment


ยังไม่เคยถูกคอมเมนท์

คอมเมนท์ทรัพยากรรายการนี้
  คอมเมนท์: คู่มือช่างคอมพ์ 2..


 Copyright 2026. Bcnsprnw @Library